000 00479nam a2200169 i 4500
001 90517
003 ES-MaACL
005 20230906180450.0
007 t|
008 050121s1921 fr ||||1| fre d
100 1 _aLegueu, Félix-Louis.
_971310
245 1 0 _aPrécis d'Urologie /
_cFélix Legueu [et] Edmond Papin.
260 _aParis :
_b[s.n.],
_c1921 (
_eTours :
_fE. Arrault)
300 _a709 p. ;
_c22 cm.
700 1 _aPapin, Edmond.
_988872
852 _aES-MaACL
_jE-1131
999 _c90517
_d90517